الحضارة الإسلامية و تجارة الرقيق خلال القرنين الثالث و الرابع للهجرة : (رقم التسجيلة. 8708)

تفاصيل مارك
000 -LEADER
fixed length control field 00672nam a22001817a 4500
005 - DATE AND TIME OF LATEST TRANSACTION
control field 20251108164310.0
008 - FIXED-LENGTH DATA ELEMENTS--GENERAL INFORMATION
fixed length control field 250721s1996 xx 000 0 ara d
082 14 - DEWEY DECIMAL CLASSIFICATION NUMBER
Classification number 380.144/توف
100 1# - MAIN ENTRY--PERSONAL NAME
Personal name بن عامر، توفيق
245 10 - TITLE STATEMENT
Title الحضارة الإسلامية و تجارة الرقيق خلال القرنين الثالث و الرابع للهجرة :
Remainder of title أطروحة دكتوراة دولة /
264 1# - PRODUCTION, PUBLICATION, DISTRIBUTION, MANUFACTURE, AND COPYRIGHT NOTICE
Place of production, publication, distribution, manufacture تونس :
Name of producer, publisher, distributor, manufacturer كلية العلوم الإنسانية و الإجتماعية،
Date of production, publication, distribution, manufacture, or copyright notice 1996.
300 ## - PHYSICAL DESCRIPTION
Extent 366ص
650 17 - SUBJECT ADDED ENTRY--TOPICAL TERM
Topical term or geographic name as entry element الرق
650 17 - SUBJECT ADDED ENTRY--TOPICAL TERM
Topical term or geographic name as entry element الإسلام
650 17 - SUBJECT ADDED ENTRY--TOPICAL TERM
Topical term or geographic name as entry element الحضارة الإسلامية
942 ## - ADDED ENTRY ELEMENTS (KOHA)
Source of classification or shelving scheme Dewey Decimal Classification
Koha item type كتب
المقتنيات
حالة السحب حالة الفقدان مصدر التصنيف حالة التلف غير قابل للإعارة المكتبة الرئيسية المكتبة الحالية موقع الرف تاريخ التزويد الرقم المتسلسل Total Checkouts رقم الإستدعاء الباركود تاريخ آخر ظهور تاريخ الفاتورة نوع المادة (كوها)
    Dewey Decimal Classification     المكتبة المركزية المكتبة المركزية الإعارة 12/07/2004 258840   380.144/توف 258840 28/07/2025 12/07/2004 كتب
Implemented & Customized by: BBB with SCIT (Smart Chains for Information Technology)

Powered by Koha